Whose mentor? Medicine cat edition - Statistics

General Stats
  • This quiz has been taken 11 times
  • The average score is 24 of 29
Answer Stats
Characters Mentor % Correct
Mudfur Brambleberry
100%
Leafpool Cinderpelt
100%
Goosefeather Cloudberry
100%
Fidgetflake Echosong
100%
Frecklewish Echosong
100%
Featherwhisker Goosefeather
100%
Alderheart Jayfeather
100%
Jayfeather Leafpool
100%
Puddleshine Leafpool
100%
Flametail Littlecloud
100%
Frostdawn Mothwing
100%
Willowshine Mothwing
100%
Mothwing Mudfur
100%
Shadowsight Puddleshine
100%
Littlecloud Runningnose
100%
Yellowfang Sagewhisker
100%
Cinderpelt Yellowfang
100%
Runningnose Yellowfang
100%
Kestrelflight Barkface
75%
Spottedleaf Featherwhisker
75%
Barkface Hawkheart
75%
Whistlebreeze Kestrelflight
75%
Acorn fur Micah
75%
Hawkheart Chiveclaw
50%
Cloudberry Echosnout
50%
Brambleberry Milkfur
50%
Sagewhisker Redthistle
50%
Shivering rose Cloud spots
25%
Ravenwing Oatspeckle
25%
No matching quizzes found
Score Distribution
Percent of People with Each Score
Percentile by Number Answered
Your Score History
You have not taken this quiz